4706-鹿児島市(鹿児島県)の駅 - Statistics

General Stats
  • This quiz has been taken 10 times
  • The average score is 29 of 54
Answer Stats
Answer % Correct
鹿児島中央
100%
鹿児島
100%
南鹿児島
89%
鹿児島駅前
89%
鹿児島中央駅前
89%
谷山
78%
谷山
78%
竜ヶ水
67%
郡元
67%
天文館通
67%
市役所前
67%
唐湊
67%
南鹿児島駅前
67%
仙巌園
56%
宇宿
56%
甲東中学校前
56%
高見馬場
56%
いづろ通
56%
朝日通
56%
水族館口
56%
加治屋町
56%
高見橋
56%
市立病院前
56%
工学部前
56%
純心学園前
56%
中郡
56%
荒田八幡
56%
騎射場
56%
鴨池
56%
涙橋
56%
二軒茶屋
56%
宇宿一丁目
56%
広木
44%
五位野
44%
平川
44%
喜入
44%
新屋敷
44%
桜島桟橋通
44%
都通
44%
中洲通
44%
神田(交通局前)
44%
二中通
44%
脇田
44%
薩摩松元
33%
上伊集院
33%
慈眼寺
33%
坂之上
33%
武之橋
33%
笹貫
33%
上塩屋
33%
瀬々串
22%
中名
22%
前之浜
22%
生見
22%
No matching quizzes found
Score Distribution
Percent of People with Each Score
Percentile by Number Answered
Your Score History
You have not taken this quiz